Central Library OPAC University of Rajshahi

Discovering physics (Record no. 8257)

MARC details
000 -LEADER
fixed length control field 00582nam a2200217u 4500
001 - CONTROL NUMBER
control field 8257
003 - CONTROL NUMBER IDENTIFIER
rucl marc code BD-RjUL
005 - DATE AND TIME OF LATEST TRANSACTION
control field 20211208234543.0
008 - FIXED-LENGTH DATA ELEMENTS--GENERAL INFORMATION
fixed length control field 140118r19671964nyu 000 0 eng
035 ## - SYSTEM CONTROL NUMBER
System control number (BD-RjUL)8302
040 ## - CATALOGING SOURCE
Original cataloging agency DLC
Transcribing agency BD-RjU
Modifying agency BD-RjU
Language of cataloging eng
041 ## - LANGUAGE CODE
Language code of text/sound track or separate title eng
082 ## - DEWEY DECIMAL CLASSIFICATION NUMBER
Edition number 22
Classification number 530
Author mark and year HED 1967
100 1# - MAIN ENTRY--PERSONAL NAME
Personal name Heafford, Philip Ernest. [from old catalog]
9 (RLIN) 25737
245 00 - TITLE STATEMENT
Title Discovering physics
260 ## - PUBLICATION, DISTRIBUTION, ETC. (IMPRINT)
Place of publication, distribution, etc. New York,
Name of publisher, distributor, etc. Philosophical Library
Date of publication, distribution, etc. [1965, c1964]
300 ## - PHYSICAL DESCRIPTION
Pagination x, 262 p.
Size 23 cm.
942 ## - ADDED ENTRY ELEMENTS (KOHA)
Source of classification or shelving scheme Dewey Decimal Classification
Koha item type Books
Holdings
Lost status Source of classification or shelving scheme Damaged status Not for loan Collection code Permanent Location Current Location Shelving location Date acquired Source of acquisition Cost, normal purchase price Total Checkouts Full call number Date last seen Copy number Koha item type
  Dewey Decimal Classification   Not For Loan Non-fiction Central Library, University of Rajshahi Central Library, University of Rajshahi   14/11/1968 Zeittinger 15.00   530 HED 1967 18/01/2014 C-1 Books